000
00326nam a2200145Ia 4500
008
230718s9999 xx 000 0 und d
041
_a
Eng.
082
_a
515.9
_b
S-A-N
100
_a
S-ABAtti
245
0
_a
Numerical Analysis
260
_a
Pakistan
_b
Shachou your Pub
_c
2008
300
_a
890
650
_a
Law
999
_c
26105
_d
26105